000 00622nam a2200181 a 4500
001 000036502
005 20200930075751.0
008 120119s1981 sp ad 000 0 spa d
040 _aDO-SdBNP
_bspa
_cBNPHU
082 _axxxx
_bF372t, 1981
100 1 _aFerrández, Adalberto
_962744
245 1 0 _aTecnología didáctica :
_bteoría y práctica de la programación escolar /
_cAdalberto Ferrández ; Jaime Sarramona ; Luis Tarín.
250 _a5a ed.
260 _aBarcelona :
_bEdiciones CEAC,
_c1981.
300 _a349 p. :
_bil., diagrs. ;
_c24 cm.
700 1 _aSarramona, Jaime
_962745
700 1 _aTarín, Luis
_962746
999 _c35993
_d35993